Statistics for Biggest US cities during the Spanish Flu

Click here to take the quiz!

General Stats

  • This quiz has been taken 28 times
  • The average score is 10 of 10

Answer Stats

PopulationAnswer% Correct
576,673Los Angeles
100%
5,620,048New York City
100%
1,823,779Philadelphia
100%
2,701,705Chicago
96%
796,841Cleveland
96%
733,826Baltimore
92%
748,060Boston
92%
993,069Detroit
92%
588,343Pittsburgh
92%
772,897St. Louis
92%

Score Distribution

Percentile by Number Answered

Percent of People with Each Score

Your Score History

You have not taken this quiz